000 00734cam a22002171 4500
001 e 23000008
003 DLC
005 20260227111214.0
008 820812s1922 pau s000 0 eng c
010 _ae 23000008
035 _a(OCoLC)8681027
040 _aLibrary, U.S. Bur. of Education
_cDNIE
_dDLC
042 _apremarc
050 0 0 _aLB1561.P3
_bA3 1922
110 1 _aPennsylvania.
_bDepartment of Public Instruction.
245 0 0 _aManual and syllabuses for elementary schools.
260 _aHarrisburg, Pa.,
_bJ.L.L. Kuhn, printer to the Commonwealth,
_c1922.
300 _a526 p.
_c23 cm.
500 _aAt head of title: Commonwealth of Pennsylvania. Department of public instruction, Harrisburg.
650 0 _aEducation.
999 _c20585
_d20585